00900nam a2200241 a 450000100100000000500170001000800410002704000250006804100390009308200130013210000330014524000330017824500850021126000400029630000210033649000320035753400490038970000380043883000390047604900090051595201170052499900170064100002593420200930024150.0110224s1972 sp r 000 0 spa d aDO-SdBNPbspacBNPHU17aspahita2Código de idiomas MARC ann*bnn*1 aDella Volpe, Galvano.95279210aStoria del gusto.lEspañol10aHistoria del gusto /cGalvano Della Volpe ; traducción de F. Fernández Buey. aMadrid :bAlberto Corazón,c1972. a154 p. ;c21 cm.1 aComunicación Serie B.v16 aDe la edición original :tStoria del gusto1 aFernández Buey, F.,etr.952793 0aComunicación Serie B.v16952794 aBNGR 001054708MOaGRbGRcCTd2011-02-24iLF1l0onn* nn*p25934-10r2020-06-25w2020-06-25y4ZPréstamo en sala c25426d25426